Grandes procesos Mis alegatos /

Detalles Bibliográficos
Autor principal: Novoa Monreal, Eduardo
Formato: eBook
Lenguaje:español
Publicado: Santiago de Chile : Editorial jurd̕ica de Chile, 2012
Materias:
Acceso en línea:Acceso restringido

MARC

LEADER 00000nam a22000007a 4500
005 20120614173919.0
007 cr|||| ||||
008 120614s2012 cl |||||s|||| 00||0 spa d
035 |a 6184 
040 |a vLex 
090 |c 3180  |d 3180 
100 1 |a Novoa Monreal, Eduardo 
245 1 0 |a Grandes procesos  |h [Recurso electrn̤ico] :  |b Mis alegatos /   |c Eduardo Novoa Monreal  
256 |a Servicio en ln̕ea 
260 |a Santiago de Chile :  |b Editorial jurd̕ica de Chile,  |c 2012 
300 |a 1 recurso electrn̤ico 
500 |a Contiene el relato ameno de las circunstancias que generaron determinados acontecimientos de relevancia criminal en Chile y los elocuentes alegatos que Novoa Monreal, en su calidad de abogado de una de las partes, pronunci ̤en seis procesos judiciales que en su da̕ alcanzaron fama y notoriedad, los que fueron conocidos y titulados por el autor como: “El complot de Colliguay”; el “Caso de Walther Rauff”; “Un puętazo fatal”; “Un latifundio enorme y ajeno”; “El contrabando del siglo”, y “El crimen de una esposa acosada”. 
506 1 |a Contenido solo disponible en los productos indicados  |d vLex Global   |d vLex Global (Academic Edition, excluding Law Schools)   |d vLex Global (U.S. Academic Edition, Law Schools)   |d vLex Global (U.S. Academic Edition, excluding Law Schools)   |d vLex Global (Academic Edition, Law Schools)  
650 0 4 |a Alegacin̤ (derecho)  |z Chile 
740 0 |a vLex Libros (Servicio en ln̕ea) 
856 4 0 |u http://vlex.com/source/grandes-procesos-mis-alegatos-6184  |z Acceso restringido 
942 |c BOOK 
999 0 |a Pleading